000 00530nam a22001937a 4500
003 BUBTL
008 160731b xxu||||| |||| 00| 0 eng d
020 _a978-81-317-0676-3
082 _a536.7SCI
100 _9731
_aSchroeder, Daniel V.
245 _aAn Introduction to Thermal Physics
260 _aIndia
_bPearson
_cc2000
300 _a[x],422p.
_bills.
_c24cm.
650 0 _9167
_aPhysics
700 _9732
_aSchroeder, Daniel V.
856 _k0
_l0
_yDownload
942 _2ddc
_cBK
999 _c5302
_d5302